Del Amazonas en 1830 al Condor en 1981 (Record no. 14458)
[ view plain ]
| 000 -CABECERA | |
|---|---|
| campo de control de longitud fija | 01154nam a2200277 4500 |
| 003 - IDENTIFICADOR DEL NÚMERO DE CONTROL | |
| campo de control | EC-UNACH |
| 006 - CÓDIGOS DE INFORMACIÓN DE LONGITUD FIJA--CARACTERÍSTICAS DEL MATERIAL ADICIONAL | |
| campo de control de longitud fija | s||||gr|||| 00| 00 |
| 008 - DATOS DE LONGITUD FIJA--INFORMACIÓN GENERAL | |
| campo de control de longitud fija | 150116t9999 mx r gr 000 0 spa d |
| 040 ## - FUENTE DE LA CATALOGACIÓN | |
| Centro catalogador/agencia de origen | EC-UNACH |
| Centro/agencia transcriptor | EC-UNACH |
| 041 ## - CÓDIGO DE LENGUA | |
| Código de lengua del texto/banda sonora o título independiente | spa |
| 082 04 - NÚMERO DE LA CLASIFICACIÓN DECIMAL DEWEY | |
| Número de edición | 23 |
| Número de clasificación | 986.6 |
| Número de documento/Ítem | L017448 |
| 100 ## - ENTRADA PRINCIPAL--NOMBRE DE PERSONA | |
| Nombre de persona | Sampedro, Francisco |
| 245 ## - MENCIÓN DE TÍTULO | |
| Título | Del Amazonas en 1830 al Condor en 1981 |
| Resto del título | La realidad geográfica que la historia no investigo |
| 250 ## - MENCIÓN DE EDICIÓN | |
| Mención de edición | Primera Edición |
| 264 ## - Producción, publicación, distribución, fabricación y copyright | |
| Lugar de producción, publicación, distribución, fabricación | Quito |
| Nombre del de productor, editor, distribuidor, fabricante | IGM |
| Fecha de de producción, publicación, distribución, fabricación o copyright | 1983 |
| 300 ## - DESCRIPCIÓN FÍSICA | |
| Extensión | 320 paginas |
| Dimensiones | 21 cm. |
| 500 ## - NOTA GENERAL | |
| Nota general | Al pueblo Ecuatoriano que no conocían la verdad completa del acontecer limítrofe de la Patria, cuyas consecuencias les toco sufrir y afrontar ejemplarizadora mente |
| 505 ## - NOTA DE CONTENIDO CON FORMATO | |
| Nota de contenido con formato | Los conflictos Latinoamericanos.- La territorialidad Ecuatoriana.- La Cedula Real de 1802.- El Ecuador en 1941.- El Perú en 1941.- Agresión.- Descripción Geográfica de la Cordillera del Cóndor Peruana documentada de 1941.- |
| 650 ## - PUNTO DE ACCESO ADICIONAL DE MATERIA--TÉRMINO DE MATERIA | |
| Término de materia o nombre geográfico como elemento inicial | DIPLOMACIA |
| 650 ## - PUNTO DE ACCESO ADICIONAL DE MATERIA--TÉRMINO DE MATERIA | |
| Término de materia o nombre geográfico como elemento inicial | CONFLICTO |
| 650 ## - PUNTO DE ACCESO ADICIONAL DE MATERIA--TÉRMINO DE MATERIA | |
| Término de materia o nombre geográfico como elemento inicial | CORDILLERA |
| 942 ## - ELEMENTOS DE PUNTO DE ACCESO ADICIONAL (KOHA) | |
| Fuente del sistema de clasificación o colocación | Clasificación Decimal Dewey |
| Tipo de ítem Koha | Libros |
| 999 ## - NÚMEROS DE CONTROL DE SISTEMA (KOHA) | |
| Koha biblionumber | 14458 |
| Estado de pérdida | Fuente del sistema de clasificación o colocación | Estado dañado | No para préstamo | Localización permanente | Ubicación/localización actual | Fecha de adquisición | Número de inventario | Total de préstamos | Signatura topográfica completa | Código de barras | Fecha visto por última vez | Precio válido a partir de | Tipo de ítem Koha | Centro de costos |
|---|---|---|---|---|---|---|---|---|---|---|---|---|---|---|
| Clasificación Decimal Dewey | Biblioteca Campus Sur | Biblioteca Campus Sur | 26/03/2026 | 39933112 | 986.6 SAM L017448 | L017448 | 26/03/2026 | 26/03/2026 | Libros |